Los juegos del duende: El taller del lector y el escritor

Uloženo v:
Podrobná bibliografie
Hlavní autor: Ramírez Caro, Jorge
Médium: Kniha
Jazyk:Undetermined
Vydáno: Heredia, Costa Rica EUNA 2003
Témata:
Tagy: Přidat tag
Žádné tagy, Buďte první, kdo vytvoří štítek k tomuto záznamu!

MARC

LEADER 00000nam a2200000Ia 4500
008 170316s9999 xx 000 0 und d
090 |a 801 R-4.1j 
100 |a Ramírez Caro, Jorge 
245 |a Los juegos del duende: El taller del lector y el escritor 
260 |a Heredia, Costa Rica 
260 |b EUNA 
260 |c 2003 
300 |a 271 páginas 
650 |a TEORÍA LITERARIA 
650 |a COMPOSICIÓN LITERARIA 
650 |a TALLERES LITERARIOS 
650 |a LECTURA INTERACTIVA 
650 |a TEXTOS NARRATIVOS 
650 |a CREACIÓN LITERARIA 
999 |c 20614  |d 20614 
040 |a cru BVZT 
942 |c 15 D  |h 801 R-4.1j  |2 z